Skutočnosti vedúce k mimoriadnej účtovnej závierke a predpoklady jej zostavenia diplomová práca

Enregistré dans:
Détails bibliographiques
Auteur principal: Bartalosová, Judita
Collectivité auteur: Fakulta hospodárskej informatiky EU. Katedra účtovníctva a audítorstva
Autres auteurs: Silná, Renáta, 1981-
Format: Livre
Langue:slovaque
Publié: Bratislava 2012
Tags: Ajouter un tag
Pas de tags, Soyez le premier à ajouter un tag!

MARC

LEADER 00000nbm a2200000 4500
001 0154776
005 20161109102144.1
041 0 |a slo 
044 |a SK 
245 1 0 |a Skutočnosti vedúce k mimoriadnej účtovnej závierke a predpoklady jej zostavenia  |b diplomová práca  |c Judita Bartalosová ; školiteľ: Renáta Silná 
264 1 |a Bratislava  |c 2012 
300 |a 73 s. 
100 1 |a Bartalosová, Judita 
700 1 |a Silná, Renáta, 1981- 
710 2 |a Fakulta hospodárskej informatiky EU. Katedra účtovníctva a audítorstva